00369 2200157 4500001002100000005001500021035002000036245003000056100001500086300002600101260002800127082000800155084001400163020002200177990001200199INLIS00000000000301520250918092447 a0010-09250003621 aThe Destiny /cKim Hye Ri0 aKim Hye Ri a187 hlm ;c13 x 19 cm aJakarta :bZettu,c2012 a813 a813 KIM t a978-602-7735-14-9 a0755618